BONNEY`S GYNAECOLOGICAL SURGERY / (Record no. 795343)

MARC details
000 -LEADER
fixed length control field 00418pam a2200157 a 4500
020 ## - INTERNATIONAL STANDARD BOOK NUMBER
Terms of availability NULL (HB)
041 ## - LANGUAGE CODE
Language code of original
100 ## - MAIN ENTRY--PERSONAL NAME
Personal name GARR, A .
245 ## - TITLE STATEMENT
Title BONNEY`S GYNAECOLOGICAL SURGERY /
Statement of responsibility, etc. NULL.
260 ## - PUBLICATION, DISTRIBUTION, ETC.
Place of publication, distribution, etc. NULL :
Name of publisher, distributor, etc. ALL INDIA TEXT BOOKS SUPP. (A.T.T.B.S) ,
Date of publication, distribution, etc. 2006.
300 ## - PHYSICAL DESCRIPTION
Extent NULL ;
Dimensions NULL.
650 ## - SUBJECT ADDED ENTRY--TOPICAL TERM
Topical term or geographic name entry element OBST.GYNE
700 ## - ADDED ENTRY--PERSONAL NAME
Personal name MOAGHAN , J .
-- FEROZE , S .
-- NEWTONJ, J .
930 ## - EQUIVALENCE OR CROSS-REFERENCE-UNIFORM TITLE HEADING [LOCAL, CANADA]
Uniform title 807
Holdings
Withdrawn status Lost status Source of classification or shelving scheme Damaged status Not for loan Home library Current library Date acquired Total Checkouts Full call number Barcode Date last seen Copy number Price effective from Koha item type
    Dewey Decimal Classification     Medical College & Hospital, Sangli Medical College & Hospital, Sangli 28/11/2011   MCS-2701 26/07/2023 1 26/07/2023 Book